Knowledge dynamics in regions - new conceptual approaches

Teritoriálna dynamika vedomostí. Firemná dynamika vedomostí. Prípadová štúdia Dynamika vedomostí v sektore informačných a komunikačných technológií (IKT) v bratislavskom regióne. Bezpečnostné technológie v oblasti IKT. Informačné technológie v bratislavskom regióne.

Na minha lista:
Detalhes bibliográficos
Autor principal: Rehák, Štefan, 1974-
Outros Autores: Šuranová, Jana, Pástor, Rudolf, Pirmanová, Stanislava
Formato: Capítulo de Livro
Idioma:inglês
Assuntos:
Tags: Adicionar Tag
Sem tags, seja o primeiro a adicionar uma tag!

MARC

LEADER 00000nla$a2200000$$$4500
001 0081175
005 20240502071920.1
041 0 |a eng 
044 |a SK 
245 1 0 |a Knowledge dynamics in regions - new conceptual approaches  |c Štefan Rehák, Jana Šuranová, Rudolf Pástor, Stanislava Pirmanová 
520 |a Teritoriálna dynamika vedomostí. Firemná dynamika vedomostí. Prípadová štúdia Dynamika vedomostí v sektore informačných a komunikačných technológií (IKT) v bratislavskom regióne. Bezpečnostné technológie v oblasti IKT. Informačné technológie v bratislavskom regióne. 
610 2 0 |a vedomosti 
610 2 0 |a ekonomika vedomostná 
610 2 0 |a technológie informačné 
610 2 0 |a technológie komunikačné 
610 2 0 |a regióny 
100 1 |a Rehák, Štefan, 1974- 
700 1 |a Šuranová, Jana 
700 1 |a Pástor, Rudolf 
700 1 |a Pirmanová, Stanislava